| 000 | 01158nam0a22002651i 4500 | ||
|---|---|---|---|
| 001 | rc\2235962 | ||
| 005 | 20240723115408.0 | ||
| 035 | _a(NLR Aleph) 006648087 | ||
| 090 |
_a4764873 _c4764873 |
||
| 100 | _a20110829d1979 |||y0rusy50 ca | ||
| 101 | 0 | _arus | |
| 102 | _aRU | ||
| 105 | _ay d ||||| | ||
| 200 | 1 |
_aСостояние электролитного и энергетического обмена в миокарде при остром и хроническом нарушении коронарного кровообращения _e(Эксперим.-клинич. исслед.) _eАвтореф. дис. на соиск. учен. степ. канд. биол. наук _e(14.00.16) |
|
| 210 |
_aФрунзе _d1979 |
||
| 215 | _a22 с. | ||
| 300 | _aВ надзаг.: Киргиз. гос. мед. ин-т | ||
| 320 | _aСписок работ авт.: с. 21-22 (6 назв.) | ||
| 700 | 1 |
_aЦветовская _bГ.А. _gГалина Александровна |
|
| 801 | 0 |
_aRU _bNLR _gpsbo |
|
| 801 | 1 |
_aRU _bELAR _2rusmarc |
|
| 852 |
_aNLR _j79-4/29419 |
||
| 899 |
_aRuMoRGB _jДр 384/1146 |
||
| 899 |
_aRuMoRGB _jДр 384/1147 |
||
| 942 | _cBOOK | ||